000 00444nam a2200181Ia 4500
005 20250326125716.0
008 250326s9999 xx 000 0 und d
037 _aTextbook
040 _aFMSL
_beng
_cFMSL
041 _aeng
_2eng
084 _qFMSL
100 _aBALINSKY
_9739528
245 0 _aExecutive interview
_cBalinsky; Burger
260 _aNY
_bNY, Harper
_c1959
300 _a209p
942 _cTB
999 _c1279223
_d1279223